Negociación tridimensional (Registro nro. 1594)
[ vista simple ]
| 000 -LEADER | |
|---|---|
| fixed length control field | 01643 a2200229 4500 |
| 001 - CONTROL NUMBER | |
| control field | 27470 |
| 005 - DATE AND TIME OF LATEST TRANSACTION | |
| control field | 20260407155549.0 |
| 008 - FIXED-LENGTH DATA ELEMENTS--GENERAL INFORMATION | |
| fixed length control field | 260407a2007 arg spa d |
| 003 - CONTROL NUMBER IDENTIFIER | |
| control field | AR-UNSa-BCEJYS |
| 040 ## - CATALOGING SOURCE | |
| Original cataloging agency | AR-UNSa-BCEJYS |
| Language of cataloging | spa |
| Transcribing agency | AR-UNSa-BCEJYS |
| 080 ## - UNIVERSAL DECIMAL CLASSIFICATION NUMBER | |
| Universal Decimal Classification number | 658.012.4 |
| Common auxiliary subdivision | Gestión. Dirección. Autoridad. Técnicas y métodos de gestión (gestión del conocimiento, Outsourcing, Benchmarking...) |
| 020 ## - INTERNATIONAL STANDARD BOOK NUMBER | |
| International Standard Book Number | 978-958-45-0182-0 |
| 100 1# - MAIN ENTRY--PERSONAL NAME | |
| Personal name | Sebenius, James K. |
| 245 10 - TITLE STATEMENT | |
| Title | Negociación tridimensional |
| Name of part/section of a work | herramientas poderosas para cambiar el juego en sus negociaciones más importantes |
| 264 #1 - PRODUCTION, PUBLICATION, DISTRIBUTION, MANUFACTURE, AND COPYRIGHT NOTICE | |
| Place of production, publication, distribution, manufacture | Bogotá : |
| Name of producer, publisher, distributor, manufacturer | Grupo Editorial Norma |
| Date of production, publication, distribution, manufacture, or copyright notice | 2007 |
| 300 ## - PHYSICAL DESCRIPTION | |
| Extent | 378 p. |
| Dimensions | 23 cm. |
| 505 ## - FORMATTED CONTENTS NOTE | |
| Formatted contents note | 1. La negociación en tres dimensiones - 2. La auditoría tridimensional de los obstáculos para el acuerdo - 3. La estrategia tridimensional para superar las barreras - 4. La convocatoria de las partes apropiadas - 5. Entender bien todos los intereses - 6. Entender bien las opciones de no negociar - 7. Entender bien la secuencia y las preferencias del proceso básico - 8. Moverse "al nordeste" - 9. El ensamblaje de diferencias - 10. Hacer acuerdos duraderos - 11. Negociar el espíritu del acuerdo - 12. Influir en las percepciones para reclamar valor - 13. Solucionar problemas conjuntos para crear y reclamar valor - 14. Planear a la inversa la estrategia tridimensional 15. Pensar estrátegicamente, actuar oportunamente |
| 590 ## - LOCAL NOTE (RLIN) | |
| Local note | niveau_biblio:m niveau_hierar:0 |
| 700 1# - ADDED ENTRY--PERSONAL NAME | |
| Personal name | Lax, David A. |
| 856 41 - ELECTRONIC LOCATION AND ACCESS | |
| Uniform Resource Identifier | <a href="https://biblioeco.unsa.edu.ar/pmb/images/libros/Negociacion tridimensional2-l117941.jpg">https://biblioeco.unsa.edu.ar/pmb/images/libros/Negociacion tridimensional2-l117941.jpg</a> |
| Link text | Imagen de portada |
| Electronic format type | image/jpeg |
| 942 ## - ADDED ENTRY ELEMENTS (KOHA) | |
| Koha item type | |
| Withdrawn status | Lost status | Damaged status | Not for loan | Home library | Current library | Shelving location | Date acquired | Total checkouts | Full call number | Barcode | Date last seen | Price effective from | Koha item type |
|---|---|---|---|---|---|---|---|---|---|---|---|---|---|
| Biblioteca Prof. Eusebio Cleto del Rey | Biblioteca Prof. Eusebio Cleto del Rey | 07/04/2026 | 658.012.4 L111 | L117941 | 07/04/2026 | 07/04/2026 | Libro |